[Event "Paraiban-ch op"]
[Site "Joao Pessoa"]
[Date "2012.08.04"]
[Round "4"]
[White "De Lira Machado, Alexandre Henri"]
[Black "Macedo, Alexandre Ricardo"]
[Result "1-0"]
[WhiteElo "2080"]
[BlackElo "1868"]
[PlyCount "49"]
[EventDate "2012.08.03"]
[EventType "swiss"]
[EventRounds "6"]
[EventCountry "BRA"]
[SourceTitle "EXT 2014"]
[Source "ChessBase"]
[SourceDate "2013.11.20"]
[SourceVersion "1"]
[SourceVersionDate "2013.11.20"]
[SourceQuality "1"]

1. c4 c6 2. g3 Nf6 3. Bg2 d5 4. Qc2 g6 5. b3 Bg7 6. Bb2 0-0 7. Nf3 Bf5 8. d3 Na6 9. a3 Rc8 10. Nbd2 Qd7 11. Ne5 Qc7 12. f4 Rcd8 13. b4 Nb8 14. cxd5 Ng4 15. Nxg4 Bxb2 16. Nh6+ Kg7 17. Nxf5+ gxf5 18. Qxb2+ f6 19. Rc1 Qd7 20. Rc5 Rc8 21. 0-0 cxd5 22. Rxd5 Qe6 23. e4 Rfd8 24. Rxd8 Rxd8 25. d4 1-0

[Event "Natal op-A 8th"]
[Site "Natal"]
[Date "2011.03.07"]
[Round "6"]
[White "Macedo, Alexandre Ricardo"]
[Black "Maia, Jose Eduardo Bastos"]
[Result "0-1"]
[WhiteElo "1967"]
[BlackElo "2128"]
[PlyCount "56"]
[EventDate "2011.03.04"]
[EventType "swiss"]
[EventRounds "7"]
[EventCountry "BRA"]
[SourceTitle "CBM 141 Extra"]
[Source "ChessBase"]
[SourceDate "2011.05.03"]
[SourceVersion "1"]
[SourceVersionDate "2011.05.03"]
[SourceQuality "1"]

1. Nf3 d5 2. g3 Nf6 3. Bg2 e6 4. 0-0 Be7 5. b3 0-0 6. Bb2 c5 7. d4 Nc6 8. Nbd2 b6 9. c4 Bb7 10. a3 Qc7 11. Rc1 Rfd8 12. e3 Rac8 13. Qc2 h6 14. Bh3 Rb8 15. Ne1 e5 16. dxe5 Nd7 17. f4 Nf8 18. Ndf3 Ne6 19. Bg2 Rbc8 20. h4 b5 21. Bh3 a5 22. f5 Nf8 23. f6 gxf6 24. exf6 Qxg3+ 25. Qg2 Qxg2+ 26. Nxg2 Bd6 27. Bxc8 Bxc8 28. Kf2 Be6 0-1

[Event "Natal op-A 8th"]
[Site "Natal"]
[Date "2011.03.05"]
[Round "2"]
[White "Macedo, Alexandre Ricardo"]
[Black "Barbosa, Paulo Eduardo E Sil"]
[Result "0-1"]
[WhiteElo "1967"]
[BlackElo "2254"]
[PlyCount "96"]
[EventDate "2011.03.04"]
[EventType "swiss"]
[EventRounds "7"]
[EventCountry "BRA"]
[SourceTitle "CBM 141 Extra"]
[Source "ChessBase"]
[SourceDate "2011.05.03"]
[SourceVersion "1"]
[SourceVersionDate "2011.05.03"]
[SourceQuality "1"]

1. Nf3 c5 2. g3 Nc6 3. Bg2 Nf6 4. 0-0 d5 5. d4 e6 6. c3 Bd6 7. Re1 0-0 8. Nbd2 cxd4 9. cxd4 Qb6 10. e3 Bd7 11. a3 a5 12. b3 Rfc8 13. Bb2 a4 14. b4 Na7 15. Ne5 Be8 16. Nd3 Nb5 17. Nc5 Qa7 18. e4 b6 19. e5 bxc5 20. dxc5 Bxc5 21. exf6 Bxf2+ 22. Kh1 Bd4 23. Qg4 g6 24. Bxd4 Qxd4 25. Qg5 h6 26. Qxh6 Qxf6 27. Rf1 Qg7 28. Qg5 Rc3 29. Qe7 Nxa3 30. Qb7 Rd8 31. Qe7 Rdc8 32. Bh3 R3c7 33. Qd6 Nc4 34. Nxc4 dxc4 35. Bg2 c3 36. Rac1 Bc6 37. Qd3 Bxg2+ 38. Kxg2 Qe5 39. Rc2 Rc4 40. Kg1 Rxb4 41. Qd7 Qd4+ 42. Qxd4 Rxd4 43. Rfc1 a3 44. Ra2 Ra4 45. Rcc2 e5 46. Kf2 e4 47. Ke3 f5 48. h4 Kf7 0-1

[Event "BRA-ch sf"]
[Site "Vitoria"]
[Date "2009.11.01"]
[Round "5"]
[White "Azevedo Junior, Jose Ferreira"]
[Black "Macedo, Alexandre Ricardo"]
[Result "0-1"]
[WhiteElo "2144"]
[BlackElo "1980"]
[PlyCount "88"]
[EventDate "2009.10.30"]
[EventType "swiss"]
[EventRounds "7"]
[EventCountry "BRA"]
[SourceTitle "EXT 2010"]
[Source "ChessBase"]
[SourceDate "2010.11.25"]
[SourceVersion "1"]
[SourceVersionDate "2010.11.25"]
[SourceQuality "1"]

1. e4 e5 2. Nf3 Nc6 3. Bb5 a6 4. Ba4 Nf6 5. 0-0 b5 6. Bb3 Be7 7. c3 d6 8. h3 0-0 9. d4 h6 10. Be3 Nh7 11. Nbd2 Bf6 12. a4 bxa4 13. Rxa4 Bd7 14. Bd5 Rb8 15. Rxa6 exd4 16. Bxc6 dxe3 17. Nc4 exf2+ 18. Rxf2 Bxc6 19. Rxc6 Qd7 20. Qd5 Bxc3 21. Nfe5 Bxe5 22. Nxe5 Qe6 23. Ng4 Qxd5 24. exd5 h5 25. Ne3 Rfe8 26. Nf5 Rb7 27. Rfc2 g6 28. Ng3 h4 29. Ne2 Nf6 30. Nc3 Re5 31. Rd2 Kf8 32. Rc4 g5 33. b4 Kg7 34. Kf2 Kg6 35. Kf3 Nd7 36. Kf2 Re7 37. Re2 Ne5 38. Rd4 Ra7 39. b5 Ra3 40. Rc2 Rb3 41. Ra4 Nd3+ 42. Kg1 Re1+ 43. Kh2 Rf1 44. g3 Ne1 0-1

[Event "Natal"]
[Site "Natal"]
[Date "2009.11.??"]
[Round "8"]
[White "Barreto Filho, Carlos Alberto"]
[Black "Macedo, Alexandre Ricardo"]
[Result "1-0"]
[WhiteElo "2257"]
[BlackElo "2000"]
[PlyCount "46"]
[EventDate "2009.11.??"]
[EventType "tourn"]
[EventRounds "9"]
[EventCountry "BRA"]
[EventCategory "1"]
[SourceTitle "CBM 133 Extra"]
[Source "ChessBase"]
[SourceDate "2010.01.05"]
[SourceVersion "1"]
[SourceVersionDate "2010.01.05"]
[SourceQuality "1"]

1. d4 d5 2. c4 e6 3. Nc3 Nf6 4. cxd5 exd5 5. Bg5 Nbd7 6. e3 c6 7. Bd3 Bd6 8. Qc2 b5 9. Nge2 a5 10. Ng3 h6 11. Bxf6 Nxf6 12. 0-0 Bd7 13. e4 Bxg3 14. hxg3 Be6 15. e5 Ng4 16. Ne2 Bd7 17. Nf4 Qb6 18. Bf5 g6 19. Bxd7+ Kxd7 20. e6+ Kd6 21. exf7 Qxd4 22. Qxg6+ Qf6 23. Qxg4 Qxf7 1-0

[Event "Natal"]
[Site "Natal"]
[Date "2009.11.??"]
[Round "2"]
[White "Macedo, Alexandre Ricardo"]
[Black "Pinto, Carlos Henrique Lop"]
[Result "1-0"]
[WhiteElo "2000"]
[BlackElo "2071"]
[PlyCount "79"]
[EventDate "2009.11.??"]
[EventType "tourn"]
[EventRounds "9"]
[EventCountry "BRA"]
[EventCategory "1"]
[SourceTitle "CBM 133 Extra"]
[Source "ChessBase"]
[SourceDate "2010.01.05"]
[SourceVersion "1"]
[SourceVersionDate "2010.01.05"]
[SourceQuality "1"]

1. b4 Nf6 2. Bb2 g6 3. g3 Bg7 4. Bg2 0-0 5. d3 d6 6. Nd2 Nbd7 7. Ngf3 e5 8. c4 Qe7 9. e4 Nh5 10. 0-0 a5 11. b5 Nc5 12. Nb3 Ne6 13. a4 c5 14. Nh4 Bf6 15. Nf5 gxf5 16. Qxh5 f4 17. Qe2 Kh8 18. Bh3 Rg8 19. Nd2 f3 20. Qd1 Bd7 21. Kh1 Rg6 22. Bf5 Ng5 23. Nxf3 Bxf5 24. exf5 Rg7 25. Nxg5 Rxg5 26. g4 Rag8 27. f3 R5g7 28. Ra2 h5 29. Rg1 b6 30. Bc1 hxg4 31. Rxg4 Rxg4 32. fxg4 Bg5 33. Rg2 Rg7 34. Bxg5 Qxg5 35. Qf3 Rh7 36. Rf2 Qc1+ 37. Kg2 Qh6 38. Qa8+ Kg7 39. f6+ Kg6 40. Qg8+ 1-0

[Event "Natal Elo-B"]
[Site "Natal"]
[Date "2008.02.06"]
[Round "13"]
[White "Macedo, Alexandre Ricardo"]
[Black "Da Silva, Jonathan Ferreira"]
[Result "1-0"]
[WhiteElo "2053"]
[BlackElo "1728"]
[PlyCount "49"]
[EventDate "2008.01.31"]
[EventType "tourn"]
[EventRounds "13"]
[EventCountry "BRA"]
[SourceTitle "EXT 2010"]
[Source "ChessBase"]
[SourceDate "2010.11.25"]
[SourceVersion "1"]
[SourceVersionDate "2010.11.25"]
[SourceQuality "1"]

1. g3 e5 2. Bg2 d5 3. d3 Nf6 4. c4 dxc4 5. Qa4+ Bd7 6. Qxc4 Nc6 7. a3 Rb8 8. Bg5 h6 9. Bxf6 Qxf6 10. Nd2 Bd6 11. Ne4 Qe7 12. Nxd6+ cxd6 13. Nf3 0-0 14. 0-0 Rfc8 15. Qb3 Na5 16. Qb4 Nc6 17. Qd2 Bg4 18. h3 Bxf3 19. Bxf3 Nd4 20. Qd1 Nxf3+ 21. exf3 Rc7 22. d4 Rc4 23. dxe5 dxe5 24. Re1 Rd4 25. Qxd4 1-0

[Event "Natal Elo-B"]
[Site "Natal"]
[Date "2008.02.05"]
[Round "10"]
[White "Da Costa, Alex Luiz"]
[Black "Macedo, Alexandre Ricardo"]
[Result "1-0"]
[WhiteElo "1919"]
[BlackElo "2053"]
[PlyCount "103"]
[EventDate "2008.01.31"]
[EventType "tourn"]
[EventRounds "13"]
[EventCountry "BRA"]
[SourceTitle "EXT 2010"]
[Source "ChessBase"]
[SourceDate "2010.11.25"]
[SourceVersion "1"]
[SourceVersionDate "2010.11.25"]
[SourceQuality "1"]

1. d4 Nf6 2. c4 c5 3. d5 b5 4. b3 g6 5. Bb2 Bg7 6. e3 bxc4 7. Bxc4 0-0 8. Nc3 d6 9. Nge2 Nbd7 10. Ng3 Rb8 11. 0-0 Nb6 12. Be2 Nfxd5 13. Qc2 Nb4 14. Qd2 Bb7 15. a3 Nc6 16. Nce4 Bxb2 17. Qxb2 Nd7 18. Rfd1 Na5 19. b4 Ba8 20. Qc3 Nb7 21. h4 a5 22. h5 axb4 23. axb4 cxb4 24. Qxb4 Nbc5 25. Qc4 Nxe4 26. Nxe4 d5 27. Qa4 Nb6 28. Qa3 Qe8 29. Ng3 e5 30. Qd6 f6 31. h6 Qc6 32. Qe7 Rf7 33. Qb4 Rfb7 34. Qg4 Qd7 35. Qh4 Qf7 36. Ra6 f5 37. Bb5 Qe7 38. Qxe7 Rxe7 39. Rda1 Kf7 40. Ne2 Rc7 41. Nc1 Nc8 42. Nd3 Rxb5 43. Nxe5+ Ke7 44. Rxa8 Kf6 45. f4 d4 46. R1a6+ Nb6 47. Rd8 Ke7 48. Rxd4 Nd7 49. Nxd7 Rc2 50. Ne5 Rb7 51. Nc6+ Kf7 52. Nd8+ 1-0

[Event "Natal Elo-B"]
[Site "Natal"]
[Date "2008.02.02"]
[Round "4"]
[White "Vitoriano, Jose"]
[Black "Macedo, Alexandre Ricardo"]
[Result "0-1"]
[WhiteElo "1918"]
[BlackElo "2053"]
[PlyCount "124"]
[EventDate "2008.01.31"]
[EventType "tourn"]
[EventRounds "13"]
[EventCountry "BRA"]
[SourceTitle "EXT 2010"]
[Source "ChessBase"]
[SourceDate "2010.11.25"]
[SourceVersion "1"]
[SourceVersionDate "2010.11.25"]
[SourceQuality "1"]

1. d4 b5 2. a3 Bb7 3. e3 a6 4. Nf3 Nf6 5. c4 bxc4 6. Bxc4 e6 7. Nc3 Nc6 8. b4 Be7 9. 0-0 h5 10. Na4 d6 11. Bb2 Na7 12. Rc1 Nc8 13. Bd3 Nb6 14. Nc3 Nfd5 15. e4 Nf4 16. Re1 g5 17. Bf1 g4 18. Nd2 Bg5 19. d5 e5 20. Qc2 Rc8 21. b5 axb5 22. Nxb5 c5 23. Na7 Ra8 24. Bb5+ Kf8 25. Nc6 Bxc6 26. dxc6 Ne6 27. Ra1 h4 28. Nf1 Qc7 29. Ne3 Bxe3 30. fxe3 Nd8 31. Rf1 Nxc6 32. Qf2 Nd8 33. Qf6 Rh7 34. Rad1 Nb7 35. Qg6 Rg7 36. Qh6 Qe7 37. Rf5 Kg8 38. Bxe5 dxe5 39. Qxb6 Rd8 40. Rxd8+ Nxd8 41. Qb8 Rg5 42. Rf1 Kg7 43. Rd1 Ne6 44. Qd6 Qa7 45. Qd3 Rg6 46. Qc3 Qb8 47. a4 h3 48. Rd5 Rg5 49. g3 Rh5 50. Bd3 Ng5 51. Rxc5 Nf3+ 52. Kh1 Rh6 53. Qc2 Qb4 54. Qc3 Qxa4 55. Bc2 Qe8 56. Bd1 Rb6 57. Bc2 Qb8 58. Rc8 Rb1+ 59. Bxb1 Qxb1+ 60. Qc1 Qxe4 61. Qc2 Qxe3 62. Qc1 Qe4 0-1